Hrubý domácí produkt: co lze poznat pomocí něho a z něho odvozených indikátorů?

Hrubý domáci produkt (HDP) ako ukazovateľ výkonnosti ekonomiky. HDP a z neho odvodené ukazovatele. Vývoj hrubého domáceho produktu - ako predmet zisťovania. Vývoj produktivity práce. Podiel HDP pripadajúceho na jedného obyvateľa. Indexy HDP na obyvateľa podľa ECP spracovaného v Eurostate. Indexy HDP...

Descrizione completa

Salvato in:
Dettagli Bibliografici
Autore principale: Jílek, Jaroslav
Natura: Capitolo di libro
Lingua:ceco
Soggetti:
Tags: Aggiungi Tag
Nessun Tag, puoi essere il primo ad aggiungerne!!

MARC

LEADER 00000naa$a2200000$$$4500
001 0011890
005 20231013081101.3
041 0 |a cze 
044 |a CZ 
245 1 0 |a Hrubý domácí produkt: co lze poznat pomocí něho a z něho odvozených indikátorů?  |c aut. Jaroslav Jílek 
520 |a Hrubý domáci produkt (HDP) ako ukazovateľ výkonnosti ekonomiky. HDP a z neho odvodené ukazovatele. Vývoj hrubého domáceho produktu - ako predmet zisťovania. Vývoj produktivity práce. Podiel HDP pripadajúceho na jedného obyvateľa. Indexy HDP na obyvateľa podľa ECP spracovaného v Eurostate. Indexy HDP na obyvateľa - porovnanie výsledkov oficiálnych a experimentálnych. 
610 2 0 |a produkt domáci hrubý 
610 2 0 |a vývoj 
610 2 0 |a indexy 
610 2 0 |a produktivita práce 
610 2 0 |a výkonnosť ekonomiky 
100 1 |a Jílek, Jaroslav